| 000 | 00856cam a22002533a 4500 | ||
|---|---|---|---|
| 001 | 41066 | ||
| 003 | PGUSA | ||
| 005 | 20140828083926.0 | ||
| 008 | 121014s2012||||xxu|||||s|||||000 | eng d | ||
| 040 |
_aPGUSA _beng |
||
| 042 | _adc | ||
| 050 | 4 | _aBR | |
| 100 | 1 | _aKrasinski, Valerian, Count, approximately 1780-1855 | |
| 245 | 1 | 0 |
_aEssai sur l'Histoire Religieuse des Nations Slaves : _b(traduit de l'anglais) _h[electronic resource] / _cValerian, Count, approximately 1780-1855 Krasinski |
| 260 |
_bProject Gutenberg, _c2012 |
||
| 506 | _aPublic domain in the USA. | ||
| 516 | _aElectronic text | ||
| 653 | _aSlavs -- Religion | ||
| 653 | _aSlavs -- History | ||
| 740 | 0 | _aLectures on the religious history of the Slavonic nations. French | |
| 830 | 0 |
_aProject Gutenberg _v41066 |
|
| 856 | 4 | 0 | _uhttp://www.gutenberg.org/ebooks/41066 |
| 942 | _cEB | ||
| 999 |
_c270318 _d270318 |
||